000 00315nam a2200133Ia 4500
008 190723s9999 xx 000 0 und d
020 _a978-1-4425-0838-5
100 _aKate Mudie
245 0 _aHeineman Biology Preliminary
250 _a3rd
260 _aAustralia
_bPearson
_c2009
300 _a327.:p
942 _cBK
999 _c1883
_d1883